Design, development and implementaion of web multimedia database system archived for the works of muslim scholars (Record no. 188661)
[ view plain ]
| 000 -LEADER | |
|---|---|
| fixed length control field | 00737 a2200181 4500 |
| 003 - CONTROL NUMBER IDENTIFIER | |
| control field | Nust |
| 005 - DATE AND TIME OF LATEST TRANSACTION | |
| control field | 20170207153546.0 |
| 040 ## - CATALOGING SOURCE | |
| Transcribing agency | Nust |
| 082 ## - DEWEY DECIMAL CLASSIFICATION NUMBER | |
| Classification number | 005.1 |
| 100 ## - MAIN ENTRY--PERSONAL NAME | |
| Personal name | Omar, Yousaf Atta, (MSCS-4) |
| 245 ## - TITLE STATEMENT | |
| Title | Design, development and implementaion of web multimedia database system archived for the works of muslim scholars |
| Statement of responsibility, etc. | Yousaf Atta Omar, |
| 260 ## - PUBLICATION, DISTRIBUTION, ETC. | |
| Name of publisher, distributor, etc. | MCS,NUST |
| Date of publication, distribution, etc. | April 2003 |
| Place of publication, distribution, etc. | Rawalpindi |
| 300 ## - PHYSICAL DESCRIPTION | |
| Extent | x 181, p; |
| 505 ## - FORMATTED CONTENTS NOTE | |
| Formatted contents note | Overview (page-1) From relational to multimedia database systems (page-10) Multimedia documents web databases (page-33) Planning of web multimedia database project (page-58) Results discussion and future work (page-127) |
| 538 ## - SYSTEM DETAILS NOTE | |
| System details note | Almirah No 69 Shelf No 4 |
| 650 ## - SUBJECT ADDED ENTRY--TOPICAL TERM | |
| Topical term or geographic name entry element | PG Thesis |
| 651 ## - SUBJECT ADDED ENTRY--GEOGRAPHIC NAME | |
| Geographic name | MSCS-4 |
| 942 ## - ADDED ENTRY ELEMENTS (KOHA) | |
| Koha item type | |
| Withdrawn status | Lost status | Source of classification or shelving scheme | Damaged status | Not for loan | Collection code | Permanent Location | Current Location | Date acquired | Total Checkouts | Full call number | Barcode | Date last seen | Price effective from | Koha item type |
|---|---|---|---|---|---|---|---|---|---|---|---|---|---|---|
| Military College of Signals (MCS) | Military College of Signals (MCS) | 12/12/2016 | 005.1 OMA | MCSTCS-126 | 12/08/2016 | 12/12/2016 | Book | |||||||
| Military College of Signals (MCS) | Military College of Signals (MCS) | 12/12/2016 | 005.1 OMA | MCSTCS-276 | 12/08/2016 | 12/12/2016 | Book | |||||||
| Military College of Signals (MCS) | Military College of Signals (MCS) | 12/12/2016 | 005.1 OMA | MCSTCS-35 | 12/08/2016 | 12/12/2016 | Book |
